Pravěk a raný středověk jihozápadních Čech : katalog expozice Pohledy do minulosti Plzeňského kraje : archeologie od počátku do 10. století /

Hlavní autor: Metlička, Milan, 1962-
Korporativní autor: Západočeské muzeum (Plzeň, Česko)
Jazyk: Čeština
Vydáno: Plzeň : Západočeské muzeum v Plzni, 2015
Vydání: Vydání první
Témata:
Fyzický popis: 167 stran : ilustrace (převážně barevné), mapy, faksimile ; 30 cm
Knihy
Uloženo v:
LEADER 02358nam a2200577 i 4500
001 nkc20162778141
003 CZ PrNK
005 20240731093737.0
007 ta
008 160225s2015 xr abh e c 000 0 cze
015 |a cnb002778141 
020 |a 978-80-7247-123-2  |q (brožováno) 
035 |a (OCoLC)946294921 
040 |a ABA001  |b cze  |e rda 
043 |a e-xr---  |b e-xr-cc  |2 czenas 
072 7 |a 94(437)  |x Dějiny Česka a Slovenska  |2 Konspekt  |9 8 
080 |a 069  |2 MRF 
080 |a 903  |2 MRF 
080 |a 94"04/14"  |2 MRF 
080 |a 94(437.31-14)  |2 MRF 
080 |a (083.82)  |2 MRF 
100 1 |a Metlička, Milan,  |d 1962-  |7 mzk2004257571  |4 aut 
245 1 0 |a Pravěk a raný středověk jihozápadních Čech :  |b katalog expozice Pohledy do minulosti Plzeňského kraje : archeologie od počátku do 10. století /  |c Milan Metlička a kol. 
246 3 0 |a Pohledy do minulosti Plzeňského kraje 
246 1 8 |a Katalog Pravěk a raný středověk jihozápadních Čech 
250 |a Vydání první 
264 1 |a Plzeň :  |b Západočeské muzeum v Plzni,  |c 2015 
300 |a 167 stran :  |b ilustrace (převážně barevné), mapy, faksimile ;  |c 30 cm 
336 |a text  |b txt  |2 rdacontent 
336 |a statický obraz  |b sti  |2 rdacontent 
337 |a bez média  |b n  |2 rdamedia 
338 |a svazek  |b nc  |2 rdacarrier 
500 |a Podnázev v tiráži: katalog expozice Pohledy do minulosti Plzeňského kraje 
610 2 7 |a Západočeské muzeum (Plzeň, Česko)  |7 kn20010709441  |2 czenas 
650 0 7 |a muzea  |7 ph115380  |z Česko  |2 czenas 
650 0 7 |a stálé expozice  |7 ph854721  |z Česko  |2 czenas 
650 0 7 |a pravěk  |7 ph117254  |z Česko  |2 czenas 
650 0 7 |a středověk  |7 ph126223  |z Česko  |2 czenas 
650 0 9 |a museums  |z Czechia  |2 eczenas 
650 0 9 |a permanent exhibitions  |z Czechia  |2 eczenas 
650 0 9 |a prehistory  |z Czechia  |2 eczenas 
650 0 9 |a middle ages  |z Czechia  |2 eczenas 
651 7 |a Čechy jihozápadní (Česko)  |7 ge131647  |x dějiny  |2 czenas 
651 9 |a Bohemia, Southwestern (Czechia)  |x history  |2 eczenas 
655 7 |a katalogy  |7 fd132535  |2 czenas 
655 9 |a catalogs  |2 eczenas 
710 2 |a Západočeské muzeum (Plzeň, Česko)  |7 kn20010709441  |4 orm  |4 isb 
910 2 |a BOA001  |b 4-1365.243 
990 |a BK 
995 |a 01 
996 6 |b 2610665555  |c 4-1365.243  |l MZK  |r Sklad / do 1 hodiny  |n 2  |p p.v.  |w 001554212  |u 000010  |a 1  |e BOA001  |j MZK50  |s P